Statistics for Norwegian Baby Girl Names by Year

Click here to take the quiz!

General Stats

  • This quiz has been taken 1,010 times
    (1,009 since last reset)
  • The average score is 35 of 120

Answer Stats

YearNames% Correct
1910 | 1920Anna
76%
1990 | 2000Maria
74%
1910Marie
74%
2010 | 2016Emma
61%
1930 | 1940 | 1950 | +3 othersAnne
56%
2000 | 2010 | 2016Sara
55%
1910 | 1920 | 1930 | +3 othersIngrid
53%
1970 | 1980Kristin
49%
2016Sofia
47%
2010 | 2016Sofie
47%
2000 | 2010 | 2016Nora
45%
2016Olivia
42%
2000Julie
37%
1980Elisabeth
33%
2016Ella
33%
1940 | 1950 | 1960Kari
33%
1990 | 2000 | 2010Ida
32%
1910 | 1920 | 1930 | 1940Astrid
30%
1990Christina
30%
1940 | 1950 | 1960Marit
30%
2000 | 2010 | 2016Emilie
29%
1990Karoline
28%
1990Kristine
28%
1970Heidi
26%
1960 | 1970Hilde
26%
1980Linda
26%
1960 | 1970Nina
24%
1970 | 1980Marianne
23%
1980 | 1990Silje
22%
1980Camilla
21%
1990 | 2000Marte
21%
2000 | 2010Thea
21%
1910 | 1920 | 1930Solveig
20%
1940 | 1950 | 1960Liv
19%
2010 | 2016Maja
19%
1970 | 1980Monica
19%
1990Camilla
18%
1920 | 1930 | 1940 | +2 othersInger
18%
2000Malin
18%
1910 | 1920 | 1930Ruth
18%
1910Ingeborg
17%
1980Lene
17%
1980 | 1990Katrine
16%
1990Stine
16%
1940 | 1950Berit
15%
1930 | 1940 | 1950Bjørg
15%
2010Linnea
15%
1960Tove
15%
1970Anita
14%
1920 | 1930Else
14%
1920 | 1930 | 1940Gerd
14%
1930Ragnhild
14%
1960Bente
13%
1970Tone
13%
1950Randi
12%
1910 | 1920Gudrun
10%
1950 | 1960Grethe
9%
1970Hege
9%
1940Turid
9%
1910Margit
8%
1920Aslaug
6%
1910Borghild
6%
1950Torill
6%

Score Distribution

Percentile by Number Answered

Percent of People with Each Score

Your Score History

You have not taken this quiz since the last reset